| 000 | 00559nam a2200205 a 4500 | ||
|---|---|---|---|
| 005 | 20140310183625.0 | ||
| 008 | 120910s19uu xx 00 eng d | ||
| 020 | _a9789381460061 | ||
| 050 |
_aTX 911.3.F75 _b.K131 2012 |
||
| 100 | _aKanchan, Arohi | ||
| 245 |
_aFront desk management / _cArohi Kanchan. |
||
| 250 | _a1st ed. | ||
| 260 |
_aNew Delhi, India : _bCentrum Press, _c2012. |
||
| 300 |
_a256 p. : _c22 cm. |
||
| 521 | _aTOU | ||
| 650 | _aHotel front desk personnel | ||
| 650 | _aHotel management | ||
| 942 |
_cBK _2lcc _kFOR |
||
| 999 |
_c25506 _d25506 |
||